| 000 | 00000nam 2200000za 4500 |
| 001 | 9.699945 |
| 003 | CaOODSP |
| 005 | 20210625000618 |
| 007 | cr ||||||||||| |
| 008 | 150407s1938 onc|||||o f|0| 0 eng d |
| 040 | |aCaOODSP|beng |
| 043 | |an-cn--- |
| 086 | 1 |aCP32-126/1938E-PDF |
| 086 | 1 |aZ1-1937/1E-PDF |
| 245 | 00|aReport on illegal fishing and canning of lobsters and illegal fishing of smelts in lobster fishing districts nos. 7 and 8, to Hon. J.E. Michaud, M.P., Minister of Fisheries |h[electronic resource] / |cby Arthur T. LeBlanc, commissioner. |
| 246 | 15|aCommissioner's report on the inquiry of illegal lobster fishing and canning and illegal smelt fishing in lobster fishing districts nos. 7 and 8 during the year 1936 |
| 260 | |a[Ottawa : |bPrivy Council Office], |c1938. |
| 300 | |a26 p. |
| 500 | |aHistorical publication digitized in 2009 by Privy Council Office of Canada. |
| 590 | |a15-04-Supp|b2015-03-19 |
| 690 | 07|aFish|2gcpds |
| 690 | 07|aFishing permits|2gcpds |
| 690 | 07|aCommissions of inquiry|2gcpds |
| 710 | 1 |aCanada. |bPrivy Council Office. |
| 856 | 40|ahttp://publications.gc.ca|qPDF|s2.25 MB|uhttps://publications.gc.ca/collections/collection_2014/bcp-pco/CP32-126-1938-eng.pdf |